000 00948nam a2200145Ia 4500
008 100122s9999 xx 000 0 und d
082 _b8263
_a923.154
100 _aजोशी वा ना
245 _aराजा श्रीमंत रघुनाथ पंडित पंत सचिव राजे साहेब संस्थान भोर यांचे चरित्र खं
260 _bविनायक बापूराव देशपांडे
_c1941
300 _a250
630 _aराजा श्रीमंत रघुनाथ पंडित पंत सचिव राजे साहेब संस्थान भोर यांचे चरित्र खं
730 _aराजा श्रीमंत रघुनाथ पंडित पंत सचिव राजे साहेब संस्थान भोर यांचे चरित्र खं
942 _cBOOK
999 _c400619
_d400616